The oxford anthology of writings from North-East India / (Record no. 50114)

MARC details
000 -LEADER
fixed length control field 01069nam a22002537a 4500
005 - DATE AND TIME OF LATEST TRANSACTION
control field 20110127101612.0
010 ## - LCCN (DPL NO)
LC control number ENG-101962 B-456334
020 ## - INTERNATIONAL STANDARD BOOK NUMBER
International Standard Book Number 9780198067481
Terms of availability 595.00
020 ## - INTERNATIONAL STANDARD BOOK NUMBER
International Standard Book Number 0198067488
Terms of availability 595.00
035 ## - SYSTEM CONTROL NUMBER
System control number EN-85495 B-456334
037 ## - SOURCE OF ACQUISITION
Source of stock number/acquisition DBAD/PUB
037 ## - SOURCE OF ACQUISITION
Source of stock number/acquisition RBC/Ven
082 ## - DEWEY DECIMAL CLASSIFICATION NUMBER
Classification number S
245 ## - TITLE STATEMENT
Title The oxford anthology of writings from North-East India /
Statement of responsibility, etc edited by Tilottoma Misra
260 ## - PUBLICATION, DISTRIBUTION, ETC. (IMPRINT)
Place of publication, distribution, etc New Delhi
Name of publisher, distributor, etc Oxford University Press
Date of publication, distribution, etc 2011
270 ## - ADDRESS
Address YMCA Library Building, Jai Singh Road
City New Delhi
Postal code 110001
300 ## - PHYSICAL DESCRIPTION
Extent xxx,298 p.
Dimensions 23cm (Hb)
500 ## - GENERAL NOTE
General note Includes bibliographical references
700 ## - ADDED ENTRY--PERSONAL NAME
9 (RLIN) 25586
Personal name Misra, Tilottoma
942 ## - ADDED ENTRY ELEMENTS (KOHA)
Source of classification or shelving scheme Dewey Decimal Classification
Item type English Books
Classification part S
Call number suffix OXF
Holdings
Withdrawn status Lost status Not for loan Collection code Home library Current library Date acquired Source of acquisition Cost, normal purchase price Full call number Barcode Copy number Cost, replacement price Koha item type
      Fiction Central Library Central Library 17/04/2012 RBC/27102/30.11.2011/07/15.09.2011/03.02.2012 595.00 S OXF B-456334 1 595.00 English Books
    Not For Loan Fiction D.B.Act.Division D.B.Act.Division 27/01/2011 DBAD/PUB 595.00 S OXF EN-85495 1 595.00 English Books

© Delhi Public Library
Hit Counter
free hit counter